Statistics for Most Beautiful U.S. States

Click here to take the quiz!

General Stats

  • This quiz has been taken 31 times
  • The average score is 14 of 15

Answer Stats

HintAnswer% Correct
CCalifornia
100%
WWashington
100%
AAlaska
96%
AArizona
96%
CColorado
96%
HHawaii
96%
MMaine
96%
MMontana
96%
OOregon
96%
UUtah
96%
VVermont
96%
NNew Mexico
91%
WWyoming
91%
IIdaho
87%
MMichigan
78%

Score Distribution

Percentile by Number Answered

Percent of People with Each Score

Your Score History

You have not taken this quiz